الفتاوى الكبرى الفقهية ;; alfatawaa alkubraa alfiqhiat / (Record no. 79055)
[ view plain ]
| 000 -LEADER | |
|---|---|
| fixed length control field | 01138nam a2200241 a 4500 |
| 001 - CONTROL NUMBER | |
| control field | 79055 |
| 003 - CONTROL NUMBER IDENTIFIER | |
| rucl marc code | BD-RjUL |
| 005 - DATE AND TIME OF LATEST TRANSACTION | |
| control field | 20211223132026.0 |
| 008 - FIXED-LENGTH DATA ELEMENTS--GENERAL INFORMATION | |
| fixed length control field | 160725s1938 ua 000 0 ara d |
| 035 ## - SYSTEM CONTROL NUMBER | |
| System control number | (BD-RjUL)79055 |
| 040 ## - CATALOGING SOURCE | |
| Original cataloging agency | HAI |
| Language of cataloging | eng |
| Transcribing agency | BD-RjUL |
| 041 0# - LANGUAGE CODE | |
| Language code of text/sound track or separate title | ara |
| 082 ## - DEWEY DECIMAL CLASSIFICATION NUMBER | |
| Edition number | 23 |
| Classification number | 340.59 |
| Author mark and year | IBF 1938 |
| 100 1# - MAIN ENTRY--PERSONAL NAME | |
| Personal name | ابن حجر الهيثمي، احمد بن محمد ;; Ibn Hajar al-Haythami, Ahmad bin Muhammad, |
| Dates associated with a name | 1503-1566 |
| 9 (RLIN) | 337 |
| 245 12 - TITLE STATEMENT | |
| Title | الفتاوى الكبرى الفقهية ;; alfatawaa alkubraa alfiqhiat / |
| Statement of responsibility, etc. | لابن حجر المكي الهيتمي. فتاوى شمس الدين محمد بن شهاب الدين احمد بن احمد بن حمزة الرملي ;; Ibn Hajar al-Makki al-Hitami. Fatwas of Shams al-Din Muhammad / |
| 260 ## - PUBLICATION, DISTRIBUTION, ETC. (IMPRINT) | |
| Place of publication, distribution, etc. | مصر :Misr : |
| Name of publisher, distributor, etc. | عبد الحميد أحمد حنفي،;; Abdul Hamid Ahmad Hanafi |
| Date of publication, distribution, etc. | [١٣٥٧ه، ١٩٣٨م].1938 |
| 300 ## - PHYSICAL DESCRIPTION | |
| Pagination | ٤ م. ؛ |
| Size | ٢٨ س. |
| 650 #4 - SUBJECT ADDED ENTRY--TOPICAL TERM | |
| Topical term or geographic name as entry element | Islamic law |
| 9 (RLIN) | 338 |
| Topical term or geographic name as entry element | Shafiites |
| 9 (RLIN) | 339 |
| Topical term or geographic name as entry element | Fatwas |
| 9 (RLIN) | 340 |
| 700 1# - ADDED ENTRY--PERSONAL NAME | |
| Personal name | الرملي، محمد بن احمد ;; Al-Ramli, Mohammed bin Ahmed, |
| Dates associated with a name | 1513-1596 |
| 942 ## - ADDED ENTRY ELEMENTS (KOHA) | |
| Source of classification or shelving scheme | Dewey Decimal Classification |
| Koha item type | Books |
| Lost status | Source of classification or shelving scheme | Damaged status | Not for loan | Collection code | Permanent Location | Current Location | Shelving location | Date acquired | Source of acquisition | Cost, normal purchase price | Full call number | Date last seen | Copy number | Koha item type |
|---|---|---|---|---|---|---|---|---|---|---|---|---|---|---|
| Dewey Decimal Classification | Not For Loan | Non-fiction | Central Library, University of Rajshahi | Central Library, University of Rajshahi | Reading Room | 02/05/1967 | Maktubat I Ishaqia, | 15.00 | A 340.59 IBF V- 1 1938 | 23/12/2021 | C-1 | Books | ||
| Dewey Decimal Classification | Not For Loan | Non-fiction | Central Library, University of Rajshahi | Central Library, University of Rajshahi | Reading Room | Maktubat I Ishaqia, | A 340.59 IBF V- 2 1940 | 11/01/2022 | C-1 | Books | ||||
| Dewey Decimal Classification | Non-fiction | Central Library, University of Rajshahi | Central Library, University of Rajshahi | General Stacks | 02/05/1967 | Maktubat I Ishaqia, | 15.00 | A 340.59 IBF V-1 1938 | 26/01/2022 | C-2 | Books | |||
| Dewey Decimal Classification | Non-fiction | Central Library, University of Rajshahi | Central Library, University of Rajshahi | General Stacks | 02/05/1967 | Maktubat I Ishaqia, | 15.00 | A 340.59 IBF V-3 1938 | 26/01/2022 | C-1 | Books |